<?xml version="1.0" encoding="UTF-8"?>
<record
    xmlns:xsi="http://www.w3.org/2001/XMLSchema-instance"
    xsi:schemaLocation="http://www.loc.gov/MARC21/slim http://www.loc.gov/standards/marcxml/schema/MARC21slim.xsd"
    xmlns="http://www.loc.gov/MARC21/slim">

  <leader>00893nam a22001817a 4500</leader>
  <controlfield tag="005">20250728143553.0</controlfield>
  <datafield tag="010" ind1=" " ind2=" ">
    <subfield code="a">HIN-130041</subfield>
  </datafield>
  <datafield tag="020" ind1=" " ind2=" ">
    <subfield code="a">9789390607563</subfield>
    <subfield code="c">295.00</subfield>
  </datafield>
  <datafield tag="035" ind1=" " ind2=" ">
    <subfield code="a">HN-102387</subfield>
  </datafield>
  <datafield tag="037" ind1=" " ind2=" ">
    <subfield code="b">DBAD</subfield>
  </datafield>
  <datafield tag="100" ind1=" " ind2=" ">
    <subfield code="a">&#x92C;&#x94D;&#x930;&#x902;&#x91F;&#x928;, &#x92A;&#x949;&#x932;</subfield>
    <subfield code="9">83414</subfield>
  </datafield>
  <datafield tag="245" ind1=" " ind2=" ">
    <subfield code="a">&#x939;&#x93F;&#x92E;&#x93E;&#x932;&#x92F; &#x92E;&#x947;&#x902; &#x90F;&#x915; &#x924;&#x92A;&#x938;&#x94D;&#x935;&#x940;:</subfield>
    <subfield code="c">&#x92A;&#x949;&#x932; &#x92C;&#x94D;&#x930;&#x902;&#x91F;&#x928;</subfield>
    <subfield code="b">&#x930;&#x939;&#x938;&#x94D;&#x92F;&#x92E;&#x92F;&#x940; &#x916;&#x94B;&#x91C; &#x915;&#x93E; &#x915;&#x94D;&#x932;&#x93E;&#x938;&#x93F;&#x915; &#x932;&#x947;&#x916;&#x928;/</subfield>
  </datafield>
  <datafield tag="250" ind1=" " ind2=" ">
    <subfield code="a">&#x92A;&#x94D;&#x930;&#x925;&#x92E;</subfield>
  </datafield>
  <datafield tag="260" ind1=" " ind2=" ">
    <subfield code="a">&#x92F;&#x947;&#x930;&#x935;&#x921;&#x93E;</subfield>
    <subfield code="b">&#x935;&#x949;&#x935; &#x92A;&#x941;&#x92C;&#x94D;&#x932;&#x93F;&#x936;&#x93F;&#x902;&#x917;&#x94D;&#x938; &#x92A;&#x94D;&#x930;&#x93E;. &#x932;&#x93F;. &#x92A;&#x941;&#x923;&#x947;</subfield>
    <subfield code="c">&#x926;&#x93F;&#x938;&#x902;&#x92C;&#x930; 2021</subfield>
  </datafield>
  <datafield tag="270" ind1=" " ind2=" ">
    <subfield code="a">&#x90F;&#x938;. &#x928;&#x902;. 1 &#x90F;, &#x908;&#x930;&#x93E;&#x928;&#x940; &#x92E;&#x93E;&#x930;&#x94D;&#x915;&#x947;&#x91F;, &#x92C;&#x93F;&#x932;&#x94D;&#x921;&#x93F;&#x902;&#x917; &#x928;&#x902;. &#x921;&#x940;-38</subfield>
    <subfield code="b">&#x92A;&#x941;&#x923;&#x947;</subfield>
    <subfield code="e">411006</subfield>
  </datafield>
  <datafield tag="300" ind1=" " ind2=" ">
    <subfield code="a">252 &#x92A;&#x943;.</subfield>
    <subfield code="c">21.7 &#x938;&#x947;&#x92E;&#x940; (&#x905;&#x91C;&#x93F;&#x932;&#x94D;&#x926; )</subfield>
  </datafield>
  <datafield tag="942" ind1=" " ind2=" ">
    <subfield code="2">ddc</subfield>
    <subfield code="c">HN</subfield>
    <subfield code="h">808.883</subfield>
    <subfield code="m">&#x92C;&#x94D;&#x930;&#x902;&#x91F;&#x928;</subfield>
  </datafield>
  <datafield tag="999" ind1=" " ind2=" ">
    <subfield code="c">212672</subfield>
    <subfield code="d">212672</subfield>
  </datafield>
  <datafield tag="952" ind1=" " ind2=" ">
    <subfield code="0">0</subfield>
    <subfield code="1">0</subfield>
    <subfield code="4">0</subfield>
    <subfield code="7">0</subfield>
    <subfield code="8">NFIC</subfield>
    <subfield code="a">M</subfield>
    <subfield code="b">M</subfield>
    <subfield code="d">2025-07-28</subfield>
    <subfield code="e">DBAD</subfield>
    <subfield code="g">295.00</subfield>
    <subfield code="l">0</subfield>
    <subfield code="o">808.883 &#x92C;&#x94D;&#x930;&#x902;&#x91F;&#x928;</subfield>
    <subfield code="p">HN-102387</subfield>
    <subfield code="r">2025-07-28 00:00:00</subfield>
    <subfield code="t">1</subfield>
    <subfield code="v">295.00</subfield>
    <subfield code="w">2025-07-28</subfield>
    <subfield code="y">HN</subfield>
  </datafield>
</record>
